000 01112cam a22002651i 4500
003 SA-RiAUC
005 20241229130204.0
008 241229s2004 le g 000 0 ara c
020 _a9953321124
040 _aJO-AmJU
_bara
_cSA-RiAUC
_erda
082 0 4 _a258
_qSA-RiAUC
090 _a258
_b ك ا ك
100 1 _aالكاكي، محمد بن محمد بن أحمد،
_dتوفي 749 هجري
_eمؤلف.
245 1 0 _aعيون المذاهب :
_bالكاملي في فروع المذاهب الأربعة /
_cقوام الدين محمد بن محمد بن أحمد الكاكي الحنفي ؛ تحقيق أحمد عزو عناية.
250 _aالطبعة الأولى.
264 1 _aبيروت :
_bمؤسسة الرسالة ناشرون،
_c2004
300 _a264 صفحة
336 _aنص
_btxt
_2rdacontent
_3كتاب
337 _aبدون وسيط
_bn
_2rdamedia
338 _aمجلد
_bnc
_2rdacarrier
650 7 _aالفقه الإسلامي
_xمذاهب
_2aucsh
700 1 _aعناية، أحمد عزو
_eمحقق.
942 _2ddc
_cBOOK
_n0
949 _aSA-JeALM
_d241229
_umohamedma123
_n1
999 _c4046
_d4046